[Event "Poznan op 26th"]
[Site "Poznan"]
[Date "2018.08.22"]
[Round "5"]
[White "Chaczynski, Kamil"]
[Black "Niedbala, Wojciech"]
[Result "0-1"]
[WhiteElo "1760"]
[BlackElo "1914"]
[PlyCount "114"]
[EventDate "2018.08.19"]
[EventType "swiss"]
[EventRounds "9"]
[EventCountry "POL"]
[SourceTitle "CBM 186 Extra"]
[Source "ChessBase"]
[SourceDate "2018.08.24"]
[SourceVersion "1"]
[SourceVersionDate "2018.08.24"]
[SourceQuality "1"]

1. e4 e6 2. d4 d5 3. Nc3 dxe4 4. Nxe4 Bd7 5. Nf3 Bc6 6. Bd3 Nd7 7. 0-0 Ngf6 8. Qe2 Be7 9. Re1 0-0 10. Bd2 Bxe4 11. Bxe4 Nxe4 12. Qxe4 c6 13. c4 Nf6 14. Qe2 Re8 15. Rad1 Qb6 16. Bf4 Rad8 17. c5 Qb5 18. Qxb5 cxb5 19. Bc7 Rd5 20. Re5 Rc8 21. Rxd5 Nxd5 22. Bg3 b6 23. cxb6 Nxb6 24. Ne1 Na4 25. Rb1 h5 26. Kf1 Kf8 27. Ke2 Nb6 28. Nd3 Nd5 29. Rc1 Rxc1 30. Nxc1 Ke8 31. Nd3 f6 32. h3 Kd7 33. Nf4 Nxf4+ 34. Bxf4 g5 35. Bd2 Kc6 36. b4 Kd5 37. Kd3 Bd6 38. g4 hxg4 39. hxg4 Bh2 40. f3 Bg1 41. Bc3 Bf2 42. a3 Bg3 43. Bd2 Bh2 44. Be3 Bd6 45. Bd2 Bc7 46. Bc3 Bf4 47. Bb2 f5 48. Bc3 Bc1 49. gxf5 exf5 50. Be1 Bxa3 51. Bd2 g4 52. fxg4 fxg4 53. Be1 Bc1 54. Bg3 Bg5 55. Kc3 Bf6 56. Bf2 Ke4 57. Bg1 g3 0-1

[Event "Poznan op 25th"]
[Site "Poznan"]
[Date "2017.08.27"]
[Round "9"]
[White "Raczynski, Krzysztof"]
[Black "Niedbala, Wojciech"]
[Result "1-0"]
[WhiteElo "2208"]
[BlackElo "1908"]
[PlyCount "61"]
[EventDate "2017.08.20"]
[EventType "swiss"]
[EventRounds "9"]
[EventCountry "POL"]
[SourceTitle "CBM 180 Extra"]
[Source "ChessBase"]
[SourceDate "2017.10.06"]
[SourceVersion "1"]
[SourceVersionDate "2017.10.06"]
[SourceQuality "1"]

1. e4 e6 2. d4 d5 3. Nd2 dxe4 4. Nxe4 Nd7 5. Nf3 Ngf6 6. Nxf6+ Nxf6 7. Bd3 c5 8. 0-0 cxd4 9. Nxd4 Be7 10. c3 0-0 11. Qe2 Bd7 12. Bg5 Bc6 13. Nxc6 bxc6 14. Rfd1 Qc7 15. g3 Rfd8 16. c4 c5 17. Bd2 Nd7 18. Be4 Rac8 19. Bf4 Qb6 20. Rd3 e5 21. Rxd7 Rxd7 22. Bf5 Rdd8 23. Bxc8 exf4 24. Qxe7 Rxc8 25. Rd1 h6 26. b3 fxg3 27. hxg3 Rc7 28. Qe5 Rb7 29. Rd6 Qc7 30. Qd5 Rb6 31. Rd7 1-0

[Event "Poznan op 25th"]
[Site "Poznan"]
[Date "2017.08.24"]
[Round "6"]
[White "Mocny, Tomasz"]
[Black "Niedbala, Wojciech"]
[Result "0-1"]
[WhiteElo "1731"]
[BlackElo "1908"]
[PlyCount "156"]
[EventDate "2017.08.20"]
[EventType "swiss"]
[EventRounds "9"]
[EventCountry "POL"]
[SourceTitle "CBM 180 Extra"]
[Source "ChessBase"]
[SourceDate "2017.10.06"]
[SourceVersion "1"]
[SourceVersionDate "2017.10.06"]
[SourceQuality "1"]

1. d4 Nf6 2. c4 g6 3. Nc3 d5 4. Nf3 Bg7 5. Bg5 Ne4 6. cxd5 Nxg5 7. Nxg5 e6 8. h4 h6 9. Nf3 exd5 10. e3 c6 11. Bd3 0-0 12. Qc2 a5 13. Ne2 Na6 14. a3 Qd6 15. h5 g5 16. Ng3 Re8 17. Nf5 Bxf5 18. Bxf5 c5 19. Rd1 c4 20. 0-0 b5 21. Nh2 Nb8 22. Ng4 Nd7 23. f4 Nf6 24. fxg5 Nxg4 25. Bxg4 hxg5 26. Qf5 Qe7 27. Rf3 Rad8 28. h6 Bxh6 29. Rh3 Rd6 30. Rf1 Rf8 31. Bd1 Qe6 32. Qf2 Kg7 33. Bc2 b4 34. Qf3 b3 35. Bf5 Qe7 36. Qh5 a4 37. Qf3 Rh8 38. Kf2 Kf8 39. Rfh1 Kg7 40. Rh5 Qf6 41. Ke2 Qe7 42. Kd2 Qf6 43. R5h3 Qe7 44. Qh5 Qf6 45. Rf3 Qe7 46. Rhf1 Rf8 47. Bh3 Rg6 48. R1f2 Qd6 49. Bg4 c3+ 50. Kc1 c2 51. Qh1 Qa6 52. Bh5 g4 53. Rg3 Qd3 54. Qe1 Re8 55. Bxg6 Bxe3+ 56. Rxe3 Qxe3+ 57. Qxe3 Rxe3 58. Bxc2 bxc2 59. Kxc2 Kg6 60. Kd2 Rb3 61. Kc2 f5 62. Re2 Rg3 63. Re5 Rxg2+ 64. Kc3 g3 65. Rxd5 Re2 66. Rd8 Re7 67. Rg8+ Rg7 68. Re8 g2 69. Re1 Kg5 70. Rg1 Kf4 71. d5 Kf3 72. Kd4 Kf2 73. Rc1 f4 74. Ke5 f3 75. Kf4 g1Q 76. Rc2+ Ke1 77. Rc1+ Kd2 78. Rxg1 Rxg1 0-1

[Event "Poznan op 25th"]
[Site "Poznan"]
[Date "2017.08.22"]
[Round "4"]
[White "Madrawski, Krzysztof"]
[Black "Niedbala, Wojciech"]
[Result "1/2-1/2"]
[WhiteElo "2043"]
[BlackElo "1908"]
[PlyCount "98"]
[EventDate "2017.08.20"]
[EventType "swiss"]
[EventRounds "9"]
[EventCountry "POL"]
[SourceTitle "CBM 180 Extra"]
[Source "ChessBase"]
[SourceDate "2017.10.06"]
[SourceVersion "1"]
[SourceVersionDate "2017.10.06"]
[SourceQuality "1"]

1. Nf3 c5 2. c4 Nf6 3. g3 e6 4. Bg2 d5 5. cxd5 exd5 6. 0-0 Nc6 7. d4 h6 8. Nc3 Be6 9. a3 Rc8 10. dxc5 Bxc5 11. b4 Be7 12. Bb2 0-0 13. Nd4 a6 14. Nxe6 fxe6 15. Bh3 Qd6 16. e4 Rcd8 17. exd5 exd5 18. Ne2 Ne4 19. Nf4 Bf6 20. Bxf6 Rxf6 21. Bg2 Nc3 22. Qb3 Rxf4 23. Qxc3 Rf7 24. Rad1 d4 25. Qb3 Kf8 26. Rfe1 d3 27. Bxc6 bxc6 28. Qc4 Qd4 29. Qxd4 Rxd4 30. Re3 d2 31. Kf1 Rf6 32. Ke2 a5 33. bxa5 Rd5 34. f4 Rfd6 35. a6 Ra5 36. Rxd2 Rxd2+ 37. Kxd2 Rxa6 38. Rc3 Ke7 39. Kd3 Kd6 40. Ke4 Ke6 41. f5+ Kf6 42. g4 Ra4+ 43. Kf3 Kg5 44. h3 h5 45. Rxc6 hxg4+ 46. hxg4 Rxa3+ 47. Ke4 Ra4+ 48. Ke5 Ra5+ 49. Ke4 Ra4+ 1/2-1/2

[Event "Poznan op 25th"]
[Site "Poznan"]
[Date "2017.08.20"]
[Round "2"]
[White "Polok, Kacper"]
[Black "Niedbala, Wojciech"]
[Result "1-0"]
[WhiteElo "2249"]
[BlackElo "1908"]
[PlyCount "39"]
[EventDate "2017.08.20"]
[EventType "swiss"]
[EventRounds "9"]
[EventCountry "POL"]
[SourceTitle "CBM 180 Extra"]
[Source "ChessBase"]
[SourceDate "2017.10.06"]
[SourceVersion "1"]
[SourceVersionDate "2017.10.06"]
[SourceQuality "1"]

1. e4 c5 2. Nf3 d6 3. d4 cxd4 4. Nxd4 Nf6 5. Nc3 a6 6. Bg5 e6 7. f4 h6 8. Bh4 Qb6 9. Qd3 Qxb2 10. Rb1 Qa3 11. f5 Be7 12. fxe6 fxe6 13. Be2 Nxe4 14. Bh5+ Kd7 15. 0-0 Nc5 16. Rf7 Nc6 17. Bxe7 Nxd3 18. Bh4+ Ke8 19. Re7+ Kf8 20. Re8# 1-0

[Event "Poznan op 22nd"]
[Site "Poznan"]
[Date "2014.08.15"]
[Round "8"]
[White "Niedbala, Wojciech"]
[Black "Kaczmarek, Arkadiusz"]
[Result "1/2-1/2"]
[WhiteElo "1868"]
[BlackElo "2015"]
[PlyCount "44"]
[EventDate "2014.08.09"]
[EventType "swiss"]
[EventRounds "9"]
[EventCountry "POL"]
[SourceTitle "CBM 161 Extra"]
[Source "ChessBase"]
[SourceDate "2014.08.29"]
[SourceVersion "1"]
[SourceVersionDate "2014.08.29"]
[SourceQuality "1"]

1. e4 e6 2. d4 d5 3. Nd2 Nf6 4. e5 Nfd7 5. Bd3 c5 6. c3 Nc6 7. Ne2 cxd4 8. cxd4 f6 9. exf6 Nxf6 10. Nf3 Bd6 11. 0-0 Qc7 12. g3 0-0 13. Bf4 e5 14. dxe5 Nxe5 15. Nxe5 Bxe5 16. Rc1 Qd6 17. Bxe5 Qxe5 18. Nc3 Bd7 19. Re1 Qd6 20. Ne4 Qb6 21. Nxf6+ Rxf6 22. Rc2 Bc6 1/2-1/2

[Event "POL-chT U19 2nd League"]
[Site "Szczyrk"]
[Date "2014.07.27"]
[Round "4.108"]
[White "Pajdzik, Kamil"]
[Black "Niedbala, Wojciech"]
[Result "0-1"]
[WhiteElo "1525"]
[BlackElo "1851"]
[PlyCount "78"]
[EventDate "2014.07.25"]
[EventType "team-swiss"]
[EventRounds "11"]
[EventCountry "POL"]
[SourceTitle "EXT 2015"]
[Source "ChessBase"]
[SourceDate "2014.11.20"]
[SourceVersion "1"]
[SourceVersionDate "2014.11.20"]
[SourceQuality "1"]
[WhiteTeam "Myslenice MLKSz U19 II"]
[BlackTeam "Poznan UMKS Na Pieterku U19"]
[WhiteTeamCountry "POL"]
[BlackTeamCountry "POL"]

1. e4 c5 2. Nf3 d6 3. d4 cxd4 4. Nxd4 Nf6 5. Nc3 a6 6. Bc4 e6 7. 0-0 Be7 8. Re1 0-0 9. Qf3 Nbd7 10. Bg5 Ne5 11. Qe2 Nxc4 12. Qxc4 Bd7 13. Rad1 b5 14. Qd3 b4 15. Nce2 Qa5 16. Bd2 Qb6 17. Be3 Qb7 18. Ng3 Ng4 19. Bc1 Ne5 20. Qe2 Rac8 21. Kh1 Nc6 22. Nxc6 Bxc6 23. Qg4 Kh8 24. f4 f5 25. exf5 Bxg2+ 26. Kg1 Bf3 27. Qh3 Bxd1 28. Rxd1 Qb6+ 29. Kh1 Qc6+ 30. Kg1 Qb6+ 31. Kh1 Rxc2 32. Bd2 Qc6+ 33. Kg1 Qc5+ 34. Kf1 Qc4+ 35. Ne2 Rxf5 36. Qf3 Rd5 37. Qe3 Rd3 38. Qa7 Rf3+ 39. Ke1 Bh4+ 0-1

[Event "POL-chT3 Wielkopolskie 1314"]
[Site "Poland"]
[Date "2014.01.05"]
[Round "5.7"]
[White "Szadkowski, Kamil"]
[Black "Niedbala, Wojciech"]
[Result "1-0"]
[WhiteElo "2212"]
[BlackElo "1803"]
[PlyCount "81"]
[EventDate "2013.10.27"]
[EventType "team-tourn"]
[EventRounds "11"]
[EventCountry "POL"]
[SourceTitle "EXT 2015"]
[Source "ChessBase"]
[SourceDate "2014.11.20"]
[SourceVersion "1"]
[SourceVersionDate "2014.11.20"]
[SourceQuality "1"]
[WhiteTeam "Konin UKS Smecz"]
[BlackTeam "Poznan UMKS Na Pieterku"]
[WhiteTeamCountry "POL"]
[BlackTeamCountry "POL"]

1. e4 c5 2. Nf3 d6 3. d4 cxd4 4. Nxd4 Nf6 5. Nc3 a6 6. Bc4 e6 7. Bb3 Nbd7 8. f4 Nc5 9. f5 Be7 10. 0-0 0-0 11. Qf3 Bd7 12. g4 b5 13. g5 Ne8 14. Qg2 Nxb3 15. axb3 d5 16. fxe6 fxe6 17. exd5 Bc5 18. Rxf8+ Kxf8 19. Be3 Kg8 20. b4 Bb6 21. Re1 e5 22. Nf3 Nd6 23. Nxe5 Bxe3+ 24. Rxe3 Qb6 25. Qf2 Re8 26. Re2 Qxf2+ 27. Kxf2 Bf5 28. Nd3 Rf8 29. Kg2 Bxd3 30. cxd3 Rf5 31. Ne4 Rxd5 32. Nc5 a5 33. Ne6 axb4 34. d4 Nf5 35. Re4 Kf7 36. Kf3 Rd6 37. Kf4 g6 38. Nc7 Nxd4 39. Ke5 Rd7 40. Rf4+ Kg7 41. Ne8+ 1-0

[Event "Poznan op 21st"]
[Site "Poznan"]
[Date "2013.08.14"]
[Round "9"]
[White "Duszczak, Dariusz"]
[Black "Niedbala, Wojciech"]
[Result "1/2-1/2"]
[WhiteElo "1968"]
[BlackElo "1792"]
[PlyCount "70"]
[EventDate "2013.08.07"]
[EventType "swiss"]
[EventRounds "9"]
[EventCountry "POL"]
[SourceTitle "CBM 155 Extra"]
[Source "ChessBase"]
[SourceDate "2013.08.26"]
[SourceVersion "1"]
[SourceVersionDate "2013.08.26"]
[SourceQuality "1"]

1. e4 c5 2. c3 d5 3. exd5 Qxd5 4. d4 Nf6 5. Nf3 e6 6. Na3 Be7 7. Nb5 Na6 8. Be2 cxd4 9. Nbxd4 0-0 10. 0-0 Nc5 11. Bf4 a6 12. Ne5 Qd8 13. Bf3 Nd5 14. Bg3 f6 15. Nec6 Qd7 16. Nxe7+ Nxe7 17. b4 Na4 18. Qb3 Kh8 19. Rad1 Nb6 20. Nf5 Ned5 21. c4 exf5 22. cxd5 g5 23. h3 f4 24. Bh2 Qd6 25. Bg4 Bxg4 26. hxg4 Qd7 27. f3 Rad8 28. d6 Nc8 29. g3 Nxd6 30. gxf4 gxf4 31. Bxf4 Qc6 32. Qe6 Qc4 33. Rxd6 Qxf4 34. Rxd8 Rxd8 35. Qe7 Qg3+ 1/2-1/2

[Event "Poznan op 21st"]
[Site "Poznan"]
[Date "2013.08.12"]
[Round "7"]
[White "Piechocki, Bronislaw"]
[Black "Niedbala, Wojciech"]
[Result "0-1"]
[WhiteElo "1492"]
[BlackElo "1792"]
[PlyCount "88"]
[EventDate "2013.08.07"]
[EventType "swiss"]
[EventRounds "9"]
[EventCountry "POL"]
[SourceTitle "CBM 155 Extra"]
[Source "ChessBase"]
[SourceDate "2013.08.26"]
[SourceVersion "1"]
[SourceVersionDate "2013.08.26"]
[SourceQuality "1"]

1. Nf3 Nf6 2. g3 g6 3. Bg2 Bg7 4. 0-0 0-0 5. d3 d6 6. c4 e5 7. Nfd2 c6 8. Ne4 Nxe4 9. Bxe4 d5 10. cxd5 cxd5 11. Bg2 Be6 12. Nd2 Nc6 13. Nf3 h6 14. Rb1 a5 15. a3 Qe7 16. Bd2 e4 17. dxe4 dxe4 18. Ne1 Ba2 19. Ra1 Bc4 20. Rb1 Nd4 21. Bc3 Nxe2+ 22. Kh1 Nxc3 23. bxc3 Bxf1 24. Bxf1 Bxc3 25. Qc1 Bg7 26. a4 Rac8 27. Qe3 Rc3 28. Qb6 Qc7 29. Qb5 Rc8 30. Ng2 Rc1 31. Ne3 Rxb1 32. Qxb1 Qc6 33. Kg1 Bd4 34. Qb3 Bxe3 35. Qxe3 g5 36. Qb3 Rc7 37. Qa3 Qc5 38. Qb3 Qc3 39. Qb6 Qc5 40. Qxh6 e3 41. Qf6 exf2+ 42. Kh1 Qc6+ 43. Bg2 Qc1+ 44. Bf1 Qxf1# 0-1

[Event "Poznan op 21st"]
[Site "Poznan"]
[Date "2013.08.11"]
[Round "6"]
[White "Zakrzewska, Joanna"]
[Black "Niedbala, Wojciech"]
[Result "0-1"]
[WhiteElo "1661"]
[BlackElo "1792"]
[PlyCount "142"]
[EventDate "2013.08.07"]
[EventType "swiss"]
[EventRounds "9"]
[EventCountry "POL"]
[SourceTitle "CBM 155 Extra"]
[Source "ChessBase"]
[SourceDate "2013.08.26"]
[SourceVersion "1"]
[SourceVersionDate "2013.08.26"]
[SourceQuality "1"]

1. d4 Nf6 2. c4 g6 3. g3 Bg7 4. Bg2 0-0 5. Nf3 c6 6. 0-0 d6 7. Nc3 Bf5 8. Bf4 Ne4 9. Qc1 Nxc3 10. bxc3 Be4 11. Bh6 Bxf3 12. Bxf3 Nd7 13. Bxg7 Kxg7 14. Rb1 Qc7 15. Bg2 Nb6 16. Qb2 Rab8 17. Qb3 e6 18. e4 c5 19. d5 Nd7 20. f4 exd5 21. cxd5 b5 22. Qc2 c4 23. a4 a6 24. axb5 axb5 25. Ra1 Nc5 26. f5 f6 27. fxg6 hxg6 28. Qf2 Rb7 29. g4 Nd3 30. Qd4 Qc5 31. Qxc5 Nxc5 32. Rf2 Nd3 33. Rfa2 Rfb8 34. Kf1 b4 35. cxb4 c3 36. Rc2 Rc7 37. Ra3 Rbc8 38. Rb3 Rc4 39. b5 Nb4 40. Rc1 Na2 41. Rc2 Rb4 42. Ra3 Rb2 43. Rxa2 Rxa2 44. Rxa2 c2 45. Rxc2 Rxc2 46. Bf3 Rxh2 47. Be2 Rh1+ 48. Kg2 Rb1 49. Kf2 Kf7 50. Ke3 Ke7 51. Kf4 g5+ 52. Ke3 Kd7 53. Kd4 Kc7 54. Kc3 Kb6 55. Bd3 Rg1 56. Be2 Kc5 57. Kc2 Ra1 58. Kb2 Re1 59. Bd3 Rg1 60. Kc3 Rxg4 61. Kd2 Rg2+ 62. Be2 Rg3 63. Kc2 Re3 64. Bd3 Rxd3 65. Kxd3 Kxb5 66. Kd4 Kb4 67. Kd3 Kc5 68. Ke3 Kc4 69. Ke2 Kd4 70. Kf3 g4+ 71. Kxg4 Kxe4 0-1

[Event "Olsztyn op U18 blitz"]
[Site "Olsztyn"]
[Date "2013.08.03"]
[Round "2"]
[White "Niedbala, Wojciech"]
[Black "Gajek, Radoslaw"]
[Result "0-1"]
[WhiteElo "2274"]
[BlackElo "2274"]
[PlyCount "96"]
[EventDate "2013.08.03"]
[EventType "swiss (blitz)"]
[EventRounds "22"]
[EventCountry "POL"]
[SourceTitle "CBM 155 Extra"]
[Source "ChessBase"]
[SourceDate "2013.08.26"]
[SourceVersion "1"]
[SourceVersionDate "2013.08.26"]
[SourceQuality "1"]

1. e4 c5 2. Nf3 d6 3. Bb5+ Bd7 4. Bxd7+ Qxd7 5. 0-0 Nf6 6. Qe2 g6 7. c3 Bg7 8. d4 cxd4 9. cxd4 0-0 10. Nc3 Nc6 11. Rd1 Rac8 12. Bf4 a6 13. h3 b5 14. Bh2 b4 15. Nd5 Nxd5 16. exd5 Nb8 17. Re1 Rfe8 18. Rac1 Rxc1 19. Rxc1 Qb7 20. Qc4 a5 21. b3 Nd7 22. Qc6 Rb8 23. Qxb7 Rxb7 24. Kf1 Nb6 25. Ke2 f6 26. Kd3 Nxd5 27. Rc8+ Kf7 28. Ra8 Rc7 29. Rxa5 Rc3+ 30. Kd2 Bh6+ 31. Ke2 Ke6 32. Nd2 Rc2 33. f4 Nxf4+ 34. Kd1 Rc3 35. Bxf4 Bxf4 36. Nf3 Rc1+ 37. Ke2 Rc2+ 38. Kd3 Rxg2 39. d5+ Kf7 40. Rb5 Rxa2 41. Rxb4 Bh6 42. Rh4 Kg7 43. b4 Ra3+ 44. Kc4 Rxf3 45. b5 Be3 46. Re4 Kf7 47. Rxe3 Rxe3 48. b6 Re1 0-1

[Event "Szklarska Poreba op"]
[Site "Szklarska Poreba"]
[Date "2013.05.25"]
[Round "1"]
[White "Niedbala, Wojciech"]
[Black "Kuciel, Wladyslaw"]
[Result "0-1"]
[WhiteElo "1790"]
[BlackElo "1975"]
[PlyCount "72"]
[EventDate "2013.05.25"]
[EventType "swiss"]
[EventRounds "9"]
[EventCountry "POL"]
[SourceTitle "EXT 2014"]
[Source "ChessBase"]
[SourceDate "2013.11.20"]
[SourceVersion "1"]
[SourceVersionDate "2013.11.20"]
[SourceQuality "1"]

1. e4 c5 2. Nf3 e6 3. b3 Nc6 4. Bb2 d6 5. Bb5 Bd7 6. 0-0 Nf6 7. Re1 Be7 8. Na3 0-0 9. e5 Nxe5 10. Nxe5 dxe5 11. Bxe5 a6 12. Bxd7 Nxd7 13. f4 Nxe5 14. fxe5 Qd4+ 15. Kh1 Rad8 16. d3 b5 17. Re4 Qb2 18. Qc1 Qxc1+ 19. Rxc1 c4 20. Nb1 cxd3 21. cxd3 Rxd3 22. g3 Bg5 23. Rce1 Rc8 24. Kg2 Be7 25. R1e2 g5 26. Nd2 Rcc3 27. Nb1 Rc1 28. Nd2 h5 29. Nf3 Kg7 30. Ne1 Rd5 31. Nc2 Bc5 32. Ne3 Rd4 33. Kf3 Rc3 34. Rc2 g4+ 35. Kf4 Rxe4+ 36. Kxe4 Rxe3+ 0-1

[Event "POL-chT U19 3rd League Wielkopolska"]
[Site "Kalisz"]
[Date "2013.02.16"]
[Round "6.25"]
[White "Kwiatkowski, Wiktor"]
[Black "Niedbala, Wojciech"]
[Result "1-0"]
[WhiteElo "1945"]
[BlackElo "1709"]
[PlyCount "61"]
[EventDate "2013.02.09"]
[EventType "team-tourn"]
[EventRounds "9"]
[EventCountry "POL"]
[SourceTitle "EXT 2019"]
[Source "ChessBase"]
[SourceDate "2018.10.10"]
[SourceVersion "1"]
[SourceVersionDate "2018.10.10"]
[SourceQuality "1"]
[WhiteTeam "Koscielec UKS Kielbaska U19"]
[BlackTeam "Poznan UMKS Na Pieterku U19 II"]
[WhiteTeamCountry "POL"]
[BlackTeamCountry "POL"]

1. e4 c5 2. Nf3 e6 3. d4 cxd4 4. Nxd4 a6 5. Bd3 Nf6 6. 0-0 Qc7 7. c4 d6 8. Nc3 g6 9. Be3 Bg7 10. Qe2 0-0 11. f4 Nbd7 12. Rac1 b6 13. b4 Bb7 14. Nb3 Rfd8 15. a4 Rac8 16. a5 bxa5 17. Nxa5 Nb6 18. Nxb7 Qxb7 19. c5 dxc5 20. Bxa6 Qc6 21. Bxc8 Nxc8 22. Bxc5 Nd7 23. Rfd1 Qc7 24. Qd2 Bf6 25. Bd4 Bxd4+ 26. Qxd4 Qxf4 27. e5 Qf5 28. Ne4 Ncb6 29. Nf6+ Kg7 30. Nxd7 Nxd7 31. Rc7 1-0

[Event "POL-chT U19 1st League"]
[Site "Suchedniow"]
[Date "2010.07.14"]
[Round "9"]
[White "Niedbala, Wojciech"]
[Black "Drop, Szymon"]
[Result "1-0"]
[WhiteElo "1696"]
[BlackElo "1629"]
[PlyCount "97"]
[EventDate "2010.07.06"]
[EventType "team-tourn"]
[EventRounds "9"]
[EventCountry "POL"]
[SourceTitle "EXT 2019"]
[Source "ChessBase"]
[SourceDate "2018.10.10"]
[SourceVersion "1"]
[SourceVersionDate "2018.10.10"]
[SourceQuality "1"]
[WhiteTeam "Poznan UMKS Na Pieterku U19"]
[BlackTeam "Chrzanow UKS SP 8 U19"]
[WhiteTeamCountry "POL"]
[BlackTeamCountry "POL"]

1. e4 e5 2. Nf3 Nc6 3. Bc4 Nf6 4. Ng5 d5 5. exd5 Na5 6. Bb5+ c6 7. dxc6 bxc6 8. Qf3 Bd7 9. Bd3 Bc5 10. Bf5 Bxf5 11. Qxf5 0-0 12. 0-0 h6 13. Ne4 Nxe4 14. Qxe4 Bd6 15. d3 f5 16. Qf3 g5 17. Qh5 Qf6 18. h4 Be7 19. hxg5 hxg5 20. Re1 Kg7 21. Bd2 Nb7 22. Bc3 Bd6 23. Qe2 Rae8 24. Nd2 Rh8 25. g3 Rh7 26. Nc4 Reh8 27. Qf3 g4 28. Qg2 Qh6 29. Kf1 Qh1+ 30. Qxh1 Rxh1+ 31. Ke2 Rxe1+ 32. Rxe1 Kf6 33. Kd2 Re8 34. d4 exd4 35. Bxd4+ Kf7 36. Rxe8 Kxe8 37. Nxd6+ Nxd6 38. Bxa7 Nc4+ 39. Kc3 Nd6 40. Be3 Kd7 41. a4 Nb7 42. b4 Nd6 43. Kd4 Nf7 44. c4 Kd6 45. Bf4+ Kd7 46. Kc5 Nd8 47. Kb6 c5 48. Kxc5 Kc8 49. Kb6 1-0

[Event "POL-chT U19 1st League"]
[Site "Suchedniow"]
[Date "2010.07.11"]
[Round "6"]
[White "Delekta, Filip"]
[Black "Niedbala, Wojciech"]
[Result "1/2-1/2"]
[WhiteElo "1779"]
[BlackElo "1696"]
[PlyCount "93"]
[EventDate "2010.07.06"]
[EventType "team-tourn"]
[EventRounds "9"]
[EventCountry "POL"]
[SourceTitle "EXT 2019"]
[Source "ChessBase"]
[SourceDate "2018.10.10"]
[SourceVersion "1"]
[SourceVersionDate "2018.10.10"]
[SourceQuality "1"]
[WhiteTeam "Gorzow Wielkopolski Stilon U19 II"]
[BlackTeam "Poznan UMKS Na Pieterku U19"]
[WhiteTeamCountry "POL"]
[BlackTeamCountry "POL"]

1. e4 e6 2. d4 d5 3. exd5 exd5 4. Bd3 Bd6 5. Ne2 Ne7 6. Nbc3 Nbc6 7. 0-0 Be6 8. Re1 Qd7 9. Nb5 0-0-0 10. Nxd6+ cxd6 11. c3 Kb8 12. Nf4 Bf5 13. Qc2 Bxd3 14. Nxd3 f6 15. Bf4 g5 16. Bg3 h5 17. Nc5 Qf5 18. Qb3 Qc8 19. Na6+ Ka8 20. Nb4 h4 21. Nxd5 Nxd5 22. Qxd5 hxg3 23. fxg3 Qd7 24. Re6 Qf7 25. Qf5 Rhf8 26. Rae1 Kb8 27. R1e3 Qd7 28. g4 Qf7 29. b4 Rd7 30. Rf3 Kc7 31. Qd5 Qg6 32. Qc4 Kb8 33. Rf1 Qg8 34. Qe2 Kc7 35. a4 Rdf7 36. Rf5 Rd8 37. a5 Qf8 38. a6 b6 39. Qc4 Kd7 40. b5 Na5 41. Qe2 Re8 42. d5 Qh8 43. h3 Rfe7 44. Rxe7+ Rxe7 45. Qf3 Rf7 46. Rxg5 Nc4 47. Rf5 1/2-1/2